Simulácia vplyvu vybraných stavieb na režim podzemných vôd
Salvato in:
| Autore principale: | |
|---|---|
| Natura: | Manoscritto Libro |
| Lingua: | slovacco |
| Pubblicazione: |
2014
|
| Soggetti: | |
| Accesso online: | http://is.stuba.sk/zp/portal_zp.pl?podrobnosti_zp=52457 |
| Tags: |
Nessun Tag, puoi essere il primo ad aggiungerne!!
|
MARC
| LEADER | 00000ntm a22000003a 4500 | ||
|---|---|---|---|
| 001 | stuzp52457 | ||
| 003 | SK-STU | ||
| 005 | 20160715123109.4 | ||
| 007 | ta | ||
| 008 | 150427s2015----xo-----f-mn---000-0-slo-d | ||
| 040 | |a STU |b slo | ||
| 041 | 0 | |a slo | |
| 100 | 1 | |a Baroková, Dana |u 01 |4 aut |X 2742 |U 01 |Y 01 |7 A000002742 | |
| 242 | 0 | 1 | |a Simulation of the Impact of Selected Structures on the Groundwater Level Regime |y eng |
| 245 | 1 | 0 | |a Simulácia vplyvu vybraných stavieb na režim podzemných vôd |
| 260 | |c 2014 | ||
| 300 | |a 151 s. | ||
| 650 | 4 | |a numerický model |2 slo | |
| 650 | 4 | |a vplyv stavby |2 slo | |
| 650 | 4 | |a podzemná voda |2 slo | |
| 650 | 4 | |a groundwater |2 eng | |
| 650 | 4 | |a numerical model |2 eng | |
| 650 | 4 | |a impact of the structure |2 eng | |
| 856 | 4 | |u http://is.stuba.sk/zp/portal_zp.pl?podrobnosti_zp=52457 | |
| 996 | |b 284V036532 |c V* 3210/HP-214 |l VVS |s P |a 0 |w stuzp52457_0001 | ||
| SQL | |a stuzp52457 |b DHP |c SLO |d Simulácia vplyvu vybraných stavieb na prúdenie a hladinový režim podzemných vôd |e 2742 |f Baroková, Dana |g 01 |h null |i , |j 20150608 |k null |l 01 |m http://is.stuba.sk/zp/portal_zp.pl?podrobnosti_zp=52457 | ||